Регионална библиотека "Любен Каравелов" - Русе

Царица vs пешки (Запис номер 176300)

MARC детайли
000 -Лидер
Контролно поле с фиксирана дължина 01398nam a2200373 c 4500
003 - Код на организацията, давaща контролен номер
Контролно поле BLK
005 - Дата и час на последна редакция
Контролно поле 20181024112706.0
008 - Елементи от данни с фиксирана дължина
fixed length control field 180411b bul|||||r ||||||| ||bul||
010 ## - Наследен системен номер
LC control number KNG00184905000
020 ## - Международен стандартен номер на книга ISBN
Международен стандартен номер на книга ISBN 978-954-2962-28-1
-- издат.: Апостроф
040 ## - Източник на каталожния запис
Идентификатор на билиотеката - собственик на записа BLK
041 ## - Код за език
Код за езика на текст/звукозапис или на отделно заглавие Български
Код за езика КДБФ Български
072 #7 - Код за тематичната категория
Код организация bullib
Код за тематична категория Н84
Текст Българска художествена литература Н
080 ## - УДК
Текстов определител УДК Българска литература
УДК код - определител по УДК 821.163.2
УДК определител -4
УДК - код + определител 821.163.2-4
100 1# - Редна дума - Автор
Автор Eden Flamingo
Авторска отговорност първи автор
R(LIN) 340564
139 ## - Редно поле
Редна дума Идън Фламинго
Авторски знак Ид - И 31
245 10 - Сведения за заглавието
Заглавие Царица vs пешки
Редно поле (дума) * Идън Фламинго; Eden Flamingo; предг. от Христина Мираз.
257 ## - Страна на издаване
Страна на създаване/издаване България
260 ## - Област на издателските данни
-- София
Име на издателя, разпространителя и проч. Апостроф
Година на издаване 2015
Печатница София : Ропринт
300 ## - Физическа характеристика
Страници 189 с.
Размери/Мащаб 20 см
380 ## - Жанр
Жанр Худож. лит.
500 ## - Общи забележки
Забележка Идън Фламинго е български блог и псевд. на авт.
653 ## - Ключова дума – ненормативна
Ключова дума есета
653 ## - Ключова дума – ненормативна
Ключова дума постинги
653 ## - Ключова дума – ненормативна
Ключова дума диалози
659 ## - Тематичен бюлетин
Тематичен бюлетин Н
700 1# - Други автори (авторска отговорност)
Лично име Идън Фламинго
Автороска отговорност (Описва отношението между автора и произведението) *
9 (RLIN) 340563
700 1# - Други автори (авторска отговорност)
Лично име Мираз, Христина
Автороска отговорност (Описва отношението между автора и произведението) предг. от
9 (RLIN) 96677
852 ## - Местоположение
Форматна сигнатура Цб 278188
856 4# - Електронен адрес и достъп
Електронен формат pdf - файл
Път до файла /url/
856 4# - Електронен адрес и достъп
Електронен формат pdf - файл
Път до файла /url/
942 ## - АРТИКУЛИ
Вид на библиотечния материал Книги
Скрит в OPAC Не
Koha issues (borrowed), all copies 1
944 ## - СЪЗДАВАНЕ И РЕДАКЦИЯ на ЗАПИСА
Създаване/Редакция Създаване
Дата на регистрацията/редакция 17.11.2015
Статус, дата на статуса ф /
Служител, извършил регистрацията/редакцията Виолета_Тройчева
944 ## - СЪЗДАВАНЕ И РЕДАКЦИЯ на ЗАПИСА
Създаване/Редакция Редакция
Дата на регистрацията/редакция 18.02.2016
Статус, дата на статуса ф /
Служител, извършил регистрацията/редакцията Людмила_Стоянова
999 ## - СИСТЕМНИ КОНТРОЛНИ НОМЕРА
Koha biblionumber 176300
Koha biblioitemnumber 176300
Наличности
Код за отписване Код за изгубен артикул Код за повреда Коз за рестрикции Код за отдаване Артикулен № Име на библиотеката - собственик Име на библиотеката, в която се намира в момента Статус (Текущо местоположение) Дата на вписване в системата Местоположение - отдел Цена в лева Инвентарен номер Систематично азбучна сигнатура Баркод Номер на екземпляра Цена в евро Служебна бележка Служебен тип на артикула
  Не е изгубен Не е повреден без рестрикции ползва се в читалня 303399 Регионална библиотека "Любен Каравелов" Русе Регионална библиотека "Любен Каравелов" Русе Хранилище 2015-11-17 Хранилище 11.99 120000794915 Цб 278188 120000794915 1 6.13 Дост: Dp Вид: Д N: 43 Дата: 05.10.2015 Книги
  Не е изгубен Не е повреден без рестрикции заемане за дома 303400 Регионална библиотека "Любен Каравелов" Русе Регионална библиотека "Любен Каравелов" Русе Заемна - подръчен фонд 2015-11-24 Заемна - подръчен фонд 11.99 120000794971 П 886.7-4/И 31 120000794971 2 6.13 Дост: Pk Вид: Ф N: 444 Дата: 16.11.2015 Дата инв: 13.02.2018 Бележки инв: П2018 Книги
Vip Innovations Ltd, Rousse, Bulgaria 2025